000 00528cam a2200217 4500
001 B1059
008 090401t1978 xxu||||| |||| 00| 0 eng d
035 _a(Sirsi) u42386
041 _aeng
050 _a333.33
110 _aCarter Jonas
_91917
245 _aProperty review 1977
260 _aLondon
_bCarter Jonas
_c1978
300 _a20p. : ill. ; 30cm.
350 _a0
650 _aPROPERTY-COMMERCIAL PROPERTY
650 _aFARM LAND
650 _aRESIDENTIAL PROPERTY
_96266
942 _n0
948 _c04/03/1997
999 _c91095
_d91095